000 00434nam a22001697a 4500
005 20160625115941.0
008 160625b xxu||||| |||| 00| 0 eng d
020 _a81-259-1204-5
041 _aeng
082 _b10059
100 _aVeerappan, S.M. & Srinivasan, T.
_92762
245 _aManagement Mantras
260 _aNew Delhi
_bVikas Publishing House (P) Ltd.
_c2003
300 _a120
650 _aManagement
_9241
942 _cBK
999 _c3994
_d3993